Dónde está el trigo y el vino?
Zapisane w:
| 1. autor: | |
|---|---|
| Format: | Książka |
| Język: | hiszpański |
| Wydane: |
Santiago
Zig Zag
1962
|
| Hasła przedmiotowe: | |
| Etykiety: |
Dodaj etykietę
Nie ma etykietki, Dołącz pierwszą etykiete!
|
MARC
| LEADER | 00000nam a2200000 a 4500 | ||
|---|---|---|---|
| 001 | UCQ6626 | ||
| 003 | CL-VaPUC | ||
| 008 | 981016e19620000CL |||||||||||||||||spa|d | ||
| 082 | 0 | 4 | |a Ch863 |b YAÑ |2 21 |
| 100 | 0 | |a Yáñez, María Flora |e author |9 420495 | |
| 245 | 1 | 0 | |a Dónde está el trigo y el vino? |
| 300 | |a 168 p | ||
| 942 | |c BK | ||
| 945 | |d 19981016 00:00:00 |a lriquelm | ||
| 260 | |a Santiago |b Zig Zag |c 1962 | ||
| 650 | 0 | |a Literatura chilena |9 308278 | |
| 650 | 0 | |a Novelas chilenas |9 265425 | |
| 583 | |a last modification |c 19981016 00:00:00 |k Rodrigo Vera | ||
| 999 | |c 276573 |d 276571 | ||
| 952 | |0 0 |1 0 |4 0 |6 CH_863_000000000000000_YAÑ_1962 |7 0 |8 A |9 313872 |a BIBEDU |b BIBEDU |d 2019-11-20 |i 1483676 |o Ch863 YAÑ 1962 |p 1483676 |r 2019-11-20 |w 2019-11-20 |y BK |k LIT | ||